VOCABULARY ENERGIZERS STORIES OF WORD ORIGINS / (Record no. 615654)

000 -LEADER
fixed length control field 00348nam a22001337a 4500
020 ## - INTERNATIONAL STANDARD BOOK NUMBER
Qualifying information PB.
040 ## - CATALOGING SOURCE
Transcribing agency FIZZA ISHAQ
082 ## - DEWEY DECIMAL CLASSIFICATION NUMBER
Classification number 422
Author Mark DAV
100 ## - MAIN ENTRY--PERSONAL NAME
Personal name POPKIN,DAVID.
9 (RLIN) 132519
245 ## - TITLE STATEMENT
Title VOCABULARY ENERGIZERS STORIES OF WORD ORIGINS /
Statement of responsibility, etc. DAVID POPKIN.
260 ## - PUBLICATION, DISTRIBUTION, ETC.
Place of publication, distribution, etc. NEW YORK;
Name of publisher, distributor, etc. HADA PUBLICATION,
Date of publication, distribution, etc. 1990.
300 ## - PHYSICAL DESCRIPTION
Extent 149 P. ;
942 ## - ADDED ENTRY ELEMENTS (KOHA)
Source of classification or shelving scheme
Koha item type Book
Holdings
Withdrawn status Lost status Source of classification or shelving scheme Damaged status Not for loan Permanent Location Current Location Shelving location Date acquired Total Checkouts Full call number Barcode Date last seen Price effective from Koha item type
          NUST Baluchistan Campus (NBC) NUST Baluchistan Campus (NBC) General Stacks 12/22/2025   422 DAV QD-898 12/22/2025 12/22/2025 Book
© 2023 Central Library, National University of Sciences and Technology. All Rights Reserved.